000 00747cab a2200241 4500
001 WB3144-37
008 090401t1995 xxu||||| |||| 00| 0 eng d
035 _a(Sirsi) u35323
041 _aeng
245 _aSchools increase the value of homes
260 _c1995
350 _a0
490 _aWestern Morning News
_vProperty, 11 November 1995, 14(1)
520 _aPublic and grammar schools can increase the value of property near them up to 10% according to Black Horse Agencies.
650 _aHOUSE PRICES
650 _aHOUSE VALUES
650 _aPROXIMITY
650 _aRESIDENTIAL PROPERTY
_96266
650 _aSCHOOLS
690 _aPROPERTY-RESIDENTIAL PROPERTY-RESIDENTIAL PROPERTY MARKET
942 _n0
948 _c04/03/1997
999 _c23140
_d23140